书目信息 |
| 题名: |
变压器分接开关选型与使用
|
|
| 作者: | 张德明 编著 | |
| 分册: | ||
| 出版信息: | 北京 中国电力出版社 2006.01 |
|
| 页数: | 403页 | |
| 开本: | 26cm | |
| 丛书名: | ||
| 单 册: | ||
| 中图分类: | TM403.4 | |
| 科图分类: | ||
| 主题词: | 变压器--bian ya qi--分接开关--基本知识 | |
| 电子资源: | ||
| ISBN: | 7-5083-3666-6 | |
| 000 | 00907nam0 2200229 450 | |
| 001 | 012006071625 | |
| 005 | 20060921103246.57 | |
| 010 | @a7-5083-3666-6@dCNY45.00 | |
| 100 | @a20060629d2006 km y0chiy0120 ea | |
| 101 | 0 | @achi |
| 102 | @aCN@b110000 | |
| 105 | @aa a 000yy | |
| 200 | 1 | @a变压器分接开关选型与使用@Abian ya qi fen jie kai guan xuan xing yu shi yong@f张德明编著@Fzhang de ming bian zhu |
| 210 | @a北京@c中国电力出版社@d2006.01 | |
| 215 | @a403页@c图@d26cm | |
| 320 | @a有书目 (第403页)。 | |
| 330 | @a本书依据刚刚修改颁布的国际电工委员会“分接开关”标准,对变压器分接开关的产品、型号、结构、原理、规范进行了全面介绍,重点阐述了各种变压器如何正确选择分接开关,并详细叙述了分接开关的安装、使用、维修等。 | |
| 606 | 0 | @a变压器@Abian ya qi@x分接开关@x基本知识 |
| 690 | @aTM403.4@v4 | |
| 701 | 0 | @a张德明@Azhang de ming@4编著 |
| 801 | 0 | @aCN@bQSSK@c20060921 |
| 905 | @a10447@dTM403.4@eZ094 | |
| 变压器分接开关选型与使用/张德明编著.-北京:中国电力出版社,2006.01 |
| 403页:图;26cm |
| ISBN 7-5083-3666-6:CNY45.00 |
| 本书依据刚刚修改颁布的国际电工委员会“分接开关”标准,对变压器分接开关的产品、型号、结构、原理、规范进行了全面介绍,重点阐述了各种变压器如何正确选择分接开关,并详细叙述了分接开关的安装、使用、维修等。 |
| ● |
| 相关链接 |
|
|
|
正题名:变压器分接开关选型与使用
索取号:TM403.4/Z094
 
预约/预借
| 序号 | 登录号 | 条形码 | 馆藏地/架位号 | 状态 | 备注 |
| 1 | 592429 | 205924295 | 自科库301/301自科库 12排2列5层/ [索取号:TM403.4/Z094] | 在馆 | |
| 2 | 592430 | 205924302 | 自科二线404/404自科库 19排4列4层/ [索取号:TM403.4/Z094] | 在馆 | |
| 3 | 592431 | 205924311 | 自科库301/301自科库 12排2列5层/ [索取号:TM403.4/Z094] | 在馆 |